Personnages saison 1 mercredi - Statistiques

Statistiques générales
  • Ce quiz a été pris 45 fois
  • Le résultat moyen est 9 sur 13
Statistiques - réponses
Par images Réponse % Correct
Mercredi/addams
100%
Enid/Sinclair
98%
Ajax/petropolus
85%
Tyler/galpin
85%
Xavier/thorpe
85%
Bianca/barcley
78%
Eugène/ottinger
66%
Larissa/weems
59%
Donovan/galpin
54%
Rowan/laslow
49%
Marilyn/thornill
46%
Joseph/crackstone
41%
Valérie/kinbott/dr.
39%
Aucun quiz correspondant
Distribution des résultats
% des personnes avec chaque résultat
Percentile par nombre de réponses
Votre historique - résultats
Vous n’avez pas pris ce quiz